Banner

El derecho global génesis y evolución / (Record no. 411)

MARC details
000 -LEADER
campo de control de longitud fija 03002nam a22003137a 4500
001 - NÚMERO DE CONTROL
campo de control 001816
003 - IDENTIFICADOR DE NÚMERO DE CONTROL
campo de control CoMeUDC001816
005 - FECHA Y HORA DE LA ÚLTIMA TRANSACCIÓN
campo de control 20181213232927.0
008 - DATOS DE LONGITUD FIJA--INFORMACIÓN GENERAL
campo de control de longitud fija 130821s2009 ck gr spa
020 ## - NÚMERO INTERNACIONAL ESTÁNDAR DEL LIBRO
Número Internacional Estándar del Libro 9789587310023
040 ## - FUENTE DE CATALOGACIÓN
Centro catalogador/agencia de origen Co-BoUCM
Lengua de catalogación spa
Centro/agencia transcriptor CoMeUDC
041 00 - CÓDIGO DE IDIOMA
Código de lengua del texto/banda sonora o título independiente spa
082 04 - NÚMERO DE LA CLASIFICACIÓN DECIMAL DEWEY
Número de clasificación 341
Información de edición 20
Número de ítem D671d
100 1# - ENTRADA PRINCIPAL--NOMBRE DE PERSONA
Nombre de persona Domingo, Rafael
245 13 - MENCIÓN DEL TÍTULO
Título El derecho global génesis y evolución /
Mención de responsabilidad, etc. Rafael Domingo.
260 ## - PUBLICACIÓN, DISTRIBUCIÓN, ETC.
Lugar de publicación, distribución, etc. Bogotá (Colombia) :
Nombre del editor, distribuidor, etc. DIKE ,
Fecha de publicación, distribución, etc. 2009.
300 ## - DESCRIPCIÓN FÍSICA
Extensión 238 páginas
490 ## - MENCIÓN DE SERIE
Mención de serie Colección internacional
Designación de volumen o secuencia 3
504 ## - NOTA DE BIBLIOGRAFÍA, ETC.
Nota de bibliografía, etc. Nota Incluye bibliografía.
520 ## - RESUMEN, ETC.
Sumario, etc. RESUMEN : El ensayo que nos presenta Rafael Domingo, catedrático de Derecho romano de la Universidad de Navarra, director de la Cátedra Garrigues de Derecho Global, presidente de la Fundación Maiestas y director para Europa del Gertrude Ryan Law Observatory, ha sido galardonado con el premio Rafael Martínez, Emperador del Consejo General del Poder Judicial en su edición de 2007. El libro se estructura en dos partes diferenciadas pero unidas entre sí, precedidas de una introducción, en la que su autor R. Domingo Oslé reflexiona sobre el nuevo Derecho global, manifestando su propósito de dar una respuesta jurídica acorde a los principios que la globalización exige. Construye una teoría del Derecho global, sin provocar ruptura alguna con la tradición jurídica anterior, y siendo a su vez compatible con la idea de convivencia de Derechos, presente en la historia de Occidente de gran utilidad para el desarrollo de los ordenamientos jurídicos, y que culmina en un nuevo orden jurídico mundial. Toma como punto de partida la Antigüedad Clásica y el concepto de persona, origen del Derecho, y recupera la idea de pueblo (populus), en su sentido más genuino identificado con la noción misma de Humanidad. A resultas de ello, los principios que informan el Derecho global, ordenan un sistema legal en el que los problemas que afecten a la humanidad deben ser resueltos entre todos, y así, en virtud del fenómeno globalizador, la idea misma de Derecho Internacional, creación de la Europa moderna e ilustrada, será superada por un Derecho Global, universal y cosmopolita. Tras una introducción en la que se explica el marco teórico en el que dicho trabajo se circunscribe, en la primera parte, a través de un riguroso análisis histórico, profundiza en el concepto del ius gentium como origen del Derecho global, y resalta por encima de todas la figura de Marco Tulio Cicerón, el cual influido por el ideal estoico, fue el primero en utilizar la expresión "Derecho de gentes",...
650 04 - PUNTO DE ACCESO ADICIONAL DE MATERIA--TÉRMINO DE MATERIA
Término de materia o nombre geográfico como elemento de entrada Arbitramento
Subdivisión geográfica España
9 (RLIN) 9299
650 00 - PUNTO DE ACCESO ADICIONAL DE MATERIA--TÉRMINO DE MATERIA
Término de materia o nombre geográfico como elemento de entrada Globalización y derechos humanos.
9 (RLIN) 776
650 00 - PUNTO DE ACCESO ADICIONAL DE MATERIA--TÉRMINO DE MATERIA
Término de materia o nombre geográfico como elemento de entrada Conceptos.
9 (RLIN) 775
Subdivisión general Derecho internacional.
650 00 - PUNTO DE ACCESO ADICIONAL DE MATERIA--TÉRMINO DE MATERIA
Término de materia o nombre geográfico como elemento de entrada Derecho internacional privado.
9 (RLIN) 774
650 00 - PUNTO DE ACCESO ADICIONAL DE MATERIA--TÉRMINO DE MATERIA
Término de materia o nombre geográfico como elemento de entrada Derecho internacional público.
9 (RLIN) 773
650 04 - PUNTO DE ACCESO ADICIONAL DE MATERIA--TÉRMINO DE MATERIA
Término de materia o nombre geográfico como elemento de entrada Derecho internacional
9 (RLIN) 12776
650 04 - PUNTO DE ACCESO ADICIONAL DE MATERIA--TÉRMINO DE MATERIA
Término de materia o nombre geográfico como elemento de entrada Globalización
9 (RLIN) 216
942 ## - ELEMENTOS DE ENTRADA SECUNDARIOS (KOHA)
Tipo de ítem Koha Libros
Código de la institución [OBSOLETO] 8
Edición 1
Sufijo de la signatura D671
Fuente del sistema de clasificación o colocación Clasificación Decimal Dewey
Parte de la signatura que corresponde a la clasificación (Parte de la clasificación) 341
Holdings
Estatus retirado Estado de pérdida Fuente del sistema de clasificación o colocación Estado de daño No para préstamo Colección Biblioteca de origen Biblioteca actual Fecha de adquisición Fuente de adquisición Signatura topográfica completa Código de barras Visto por última vez Copia número Precio de reemplazo Tipo de ítem Koha
    Clasificación Decimal Dewey     Colección general U DE COLOMBIA - Biblioteca U DE COLOMBIA - Biblioteca 13/12/2018 Compra 341 D671d 001816 13/12/2018 1 13/12/2018 Libros


Biblioteca Académica Corporación Universitaria U DE COLOMBIA | Teléfono: +(57) (4) 2398080 ext. 1112 | E-mail: biblioteca@udecolombia.edu.co | Dirección: Calle 56 Nº 41 – 147 (Bolivia con Girardot)
Horario de atención: lunes a viernes 8:00 a.m. a 8:00 p.m. - sábados 8:00 a.m. a 4:00 p.m.
Implementado por Grupo EGS.

Powered by Koha